The Insurance job finder /

Bibliographic Details
Corporate Author: Mainstream Access, Inc
Format: Book
Language:English
Published: Englewood Cliffs, N.J. : Prentice-Hall, [1982]
Subjects:

MARC

Tag First Indicator Second Indicator Subfields
LEADER 00000pam a2200000 a 4500
001 in00000080028
005 20151008055304.0
008 810910s1982 njua b 00100 eng
010 |a  81015692  
020 |a 013468611X 
020 |a 0134686039 (pbk.) 
035 |a (OCoLC)07811754 
035 |9 AAJ3063AM 
039 0 |a 2  |b 3  |c 3  |d 3  |e 3 
040 |a DLC  |c DLC  |d TXA  |d UtOrBLW 
043 |a n-us--- 
049 |a TXAM  |c [1804492] 
050 0 0 |a HG8091  |b .I58 
082 0 |a 368/.0023  |2 19 
245 0 4 |a The Insurance job finder /  |c Mainstream Access, Inc. 
264 1 |a Englewood Cliffs, N.J. :  |b Prentice-Hall,  |c [1982] 
264 4 |c ©1982 
300 |a ix, 195 pages :  |b illustrations ;  |c 24 cm. 
336 |a text  |b txt  |2 rdacontent 
337 |a unmediated  |b n  |2 rdamedia 
338 |a volume  |b nc  |2 rdacarrier 
500 |a "A Spectrum book." 
500 |a Includes index. 
504 |a Bibliography: pages 171-184. 
650 0 |a Insurance  |x Vocational guidance. 
650 0 |a Insurance  |z United States. 
710 2 |a Mainstream Access, Inc. 
999 |a MARS 
999 f f |s ecf4a3e1-af28-3dbe-8872-669cfe80a165  |i 5b9d96f3-eb09-3c3d-8810-3efa3c59a13c  |t 0 
952 f f |p ric  |a Texas A&M University  |b Rellis Campus  |c Joint Library Facility  |d Remote Storage  |t 0  |e HG8091 .I58  |h Library of Congress classification  |i unmediated -- volume  |m A14806138086 
998 f f |a HG8091 .I58  |t 0  |l Remote Storage